000 01384cam a22004214i 4500
003 PE-LiUPU
005 20260217103526.0
008 260211b |||||||| |||| 00| 0 spa d
020 _a9788589956963
040 _aPE-LiUPU
_bspa
_cPE-LiUPU
_erda
_dPE-LiUPU
049 _aPRUA
082 0 4 _a220
_bB582
_223
130 _aBiblia.
_lPortugués.
_sNueva Versión Internacional
245 1 0 _aBíblia Sagrada :
_bNova versão Internacional /
_c[Traducida por la Comissão de tradução da Sociedade Bíblica Internacional]
250 _aDecimo segunda edición.
264 1 _aSao Paulo :
_bGeográfica,
_c2000.
300 _a970 páginas ;
_c20 cm
336 _atext
_2rdacontent
337 _aunmediated
_2rdamedia
338 _avolume
_2rdacarrier
505 0 _aBíblia Sagrada Antigo e o Novo Testamento.
526 _aSEG42
526 _aSEG41
526 _aSEG40
526 _aSEG39
526 _aP94
526 _aP87
526 _aP86
526 _aP85
526 _aP77
526 _aP76
526 _aP35
630 1 4 _aBiblia.
_lPortugués.
_sNueva Versión Internacional
710 _aComissão de tradução da Sociedade Bíblica Internacional
_etraductor.
_97994
942 _2ddc
_cBK
980 _618226
_aJaime Vilcazán Jefe de Análisis Documental
_818226
_gJaime Vilcazán Jefe de Análisis Documental
999 _c63250
_d63249